Child Actors Quiz Stats

 Plays Quiz Updated Nov 12, 2018

Support Sporcle.
Go Orange.
Score 0/30 Timer 07:00
1 Play Today
Character Actor % Correct
Hannah MontanaMiley Cyrus
85.1%
Michelle Elizabeth TannerMary-Kate and Ashley Olsen
76.4%
Alex P. KeatonMichael J. Fox
75.4%
Doogie HowserNeil Patrick Harris
61.2%
Kelly BundyChristina Applegate
59.8%
Opie TaylorRon Howard
57.3%
Mike SeaverKirk Cameron
56.7%
Randy TaylorJonathan Taylor Thomas
53.3%
Kevin ArnoldFred Savage
51.5%
MalcolmFrankie Muniz
50.6%
Arnold JacksonGary Coleman
48.6%
Mary CamdenJessica Biel
46.1%
Chachi ArcolaScott Baio
45.1%
Samantha MicelliAlyssa Milano
43.2%
Laura IngallsMelissa Gilbert
41.3%
Character Actor % Correct
Punky BrewsterSoleil Moon Frye
39.4%
Darlene ConnerSara Gilbert
38.5%
Jessica 'Jessie' SpanoElizabeth Berkley
34.3%
WebsterEmmanuel Lewis
34%
Ricky StrattonRick Schroder
32%
Sarah Reeves MarinJennifer Love Hewitt
30.3%
Rory GilmoreAlexis Bledel
29.7%
Marcia BradyMaureen McCormick
29.3%
Barbara CooperValerie Bertinelli
25.9%
Beaver CleaverJerry Mathers
25.9%
Joey DonovanJoey Lawrence
22.9%
Rudy HuxtableKeisha Knight Pulliam
20.8%
Jo PolniaczekNancy McKeon
15.6%
Jake HarperAngus T. Jones
12.7%
Katie GatlingMissy Gold
10%

From the Vault

Best Actor, Best Picture, Both, or Neither

by NJSB

Movies 4m
Some films just hog all the awards.
Remove Ads.
Support Sporcle.
Get the best of Sporcle when you Go Orange. This ad-free experience offers more features, more stats, and more fun while also helping to support Sporcle. Thank you for becoming a member.

Show Comments

Extras

Top Quizzes Today


Score Distribution

Your Account Isn't Verified!

In order to create a playlist on Sporcle, you need to verify the email address you used during registration. Go to your Sporcle Settings to finish the process.

Report this User

Report this user for behavior that violates our Community Guidelines.

Details: